[Event "Voronezh Region-ch Juniors"]
[Site "Voronezh"]
[Date "2010.11.28"]
[Round "6.8"]
[White "Agibalov, Ilia"]
[Black "Zhileykin, Andrey"]
[Result "1/2-1/2"]
[WhiteElo "1689"]
[BlackElo "1881"]
[PlyCount "97"]
[EventDate "2010.11.23"]
[EventType "swiss"]
[EventRounds "9"]
[EventCountry "RUS"]
[SourceTitle "EXT 2022"]
[Source "ChessBase"]
[SourceDate "2021.10.06"]
[SourceVersion "1"]
[SourceVersionDate "2021.10.06"]
[SourceQuality "1"]

1. e4 c5 2. Nf3 a6 3. d4 cxd4 4. Nxd4 Nf6 5. f3 e5 6. Nb3 d5 7. exd5 Qxd5 8. Qxd5 Nxd5 9. a3 Nc6 10. Bd3 Be6 11. 0-0 Be7 12. Bd2 0-0 13. Nc3 Rad8 14. Rad1 Nxc3 15. Bxc3 Bxb3 16. cxb3 Bc5+ 17. Kh1 Bd4 18. Be4 Bxc3 19. bxc3 Rxd1 20. Rxd1 Rd8 21. Rd5 Rxd5 22. Bxd5 Kf8 23. Kg1 Ke7 24. Bxc6 bxc6 25. Kf2 Kd6 26. Ke3 f5 27. g3 Kd5 28. h3 g6 29. Kd3 h6 30. c4+ Ke6 31. b4 h5 32. Ke3 Kd6 33. a4 Ke6 34. Kd3 Kd6 35. g4 h4 36. gxf5 gxf5 37. Ke3 Kc7 38. Kd3 Kd6 39. Ke3 Kc7 40. Kd3 Kb6 41. Ke3 c5 42. b5 Ka5 43. Kd3 Kb6 44. Ke3 axb5 45. cxb5 c4 46. Kd2 f4 47. Kc3 e4 48. Kxc4 e3 49. Kd3 1/2-1/2

[Event "Voronezh op-B 14th"]
[Site "Voronezh"]
[Date "2010.06.20"]
[Round "8"]
[White "Agibalov, Ilia"]
[Black "Bykov, Alexey1"]
[Result "0-1"]
[WhiteElo "1741"]
[BlackElo "2028"]
[PlyCount "96"]
[EventDate "2010.06.12"]
[EventType "swiss"]
[EventRounds "9"]
[EventCountry "RUS"]
[SourceTitle "CBM 137 Extra"]
[Source "ChessBase"]
[SourceDate "2010.09.01"]
[SourceVersion "1"]
[SourceVersionDate "2010.09.01"]
[SourceQuality "1"]

1. e4 e5 2. Nf3 Nc6 3. Bc4 Be7 4. c3 Nf6 5. d3 0-0 6. h3 h6 7. 0-0 Re8 8. Re1 Bf8 9. b4 a6 10. Qb3 Qe7 11. Nh4 d6 12. a4 Be6 13. Nf5 Bxf5 14. exf5 Qd7 15. Bd5 Nxd5 16. Qxd5 Qxf5 17. Re3 Qe6 18. Qf3 Qd7 19. Qd5 Qe6 20. Qxe6 Rxe6 21. f4 exf4 22. Rxe6 fxe6 23. Bxf4 e5 24. Bg3 Be7 25. Nd2 Bf6 26. Rf1 Kf7 27. Ne4 Ke6 28. Kf2 b6 29. Ke3 d5 30. Nxf6 gxf6 31. Bh4 f5 32. g4 f4+ 33. Ke2 Rf8 34. g5 Kf5 35. Rg1 Rh8 36. g6 Rg8 37. g7 e4 38. d4 Nb8 39. Be7 Nd7 40. h4 Ke6 41. Bf8 Nxf8 42. gxf8Q Rxf8 43. Rg6+ Rf6 44. Rg7 Kf5 45. Rxc7 f3+ 46. Ke3 Rg6 47. Rf7+ Ke6 48. Rb7 Rg2 0-1

[Event "Voronezh op-B 14th"]
[Site "Voronezh"]
[Date "2010.06.19"]
[Round "7"]
[White "Smagin, Nikita"]
[Black "Agibalov, Ilia"]
[Result "1-0"]
[WhiteElo "1971"]
[BlackElo "1741"]
[PlyCount "72"]
[EventDate "2010.06.12"]
[EventType "swiss"]
[EventRounds "9"]
[EventCountry "RUS"]
[SourceTitle "CBM 137 Extra"]
[Source "ChessBase"]
[SourceDate "2010.09.01"]
[SourceVersion "1"]
[SourceVersionDate "2010.09.01"]
[SourceQuality "1"]

1. d4 Nf6 2. c4 g6 3. Nf3 Bg7 4. g3 0-0 5. Bg2 d6 6. 0-0 c5 7. Nc3 a6 8. dxc5 dxc5 9. Qxd8 Rxd8 10. Be3 Nbd7 11. Rfd1 Re8 12. h3 b6 13. Rd2 Rb8 14. Rad1 Bb7 15. Rxd7 Nxd7 16. Rxd7 Bxc3 17. bxc3 Bc6 18. Ra7 Ra8 19. Rxa8 Bxa8 20. Ne5 Bxg2 21. Kxg2 Rd8 22. Nd3 e6 23. Bf4 Rd7 24. Be5 f5 25. a4 Kf7 26. a5 bxa5 27. Nxc5 Rd2 28. Kf3 Ke7 29. Nb3 Ra2 30. c5 a4 31. Na5 a3 32. c6 Rc2 33. c7 Kd7 34. Nc4 Rb2 35. Nxa3 a5 36. Nc4 Rb5 1-0

[Event "Voronezh op-B 14th"]
[Site "Voronezh"]
[Date "2010.06.16"]
[Round "5"]
[White "Sychev, Vitaly"]
[Black "Agibalov, Ilia"]
[Result "0-1"]
[WhiteElo "2032"]
[BlackElo "1741"]
[PlyCount "60"]
[EventDate "2010.06.12"]
[EventType "swiss"]
[EventRounds "9"]
[EventCountry "RUS"]
[SourceTitle "CBM 137 Extra"]
[Source "ChessBase"]
[SourceDate "2010.09.01"]
[SourceVersion "1"]
[SourceVersionDate "2010.09.01"]
[SourceQuality "1"]

1. e4 e5 2. Nf3 Nc6 3. Bc4 Bc5 4. 0-0 Nf6 5. c3 Nxe4 6. d4 d5 7. Bb5 exd4 8. cxd4 Bd6 9. Qc2 Bd7 10. Bd3 Nb4 11. Qb3 Nxd3 12. Qxd3 0-0 13. Nc3 Bf5 14. Qb5 Nxc3 15. bxc3 Qd7 16. Qb2 Rfe8 17. Be3 b6 18. Rad1 Bg4 19. Qe2 Qf5 20. h3 Bxf3 21. Qxf3 Qxf3 22. gxf3 Re6 23. Rfe1 Rae8 24. a4 a5 25. Rb1 Bf4 26. Rec1 Bxe3 27. fxe3 Rxe3 28. Kf2 R3e6 29. Rb5 Rd6 30. Rg1 g6 0-1

[Event "Voronezh Interma Cup"]
[Site "Voronezh"]
[Date "2010.05.25"]
[Round "2"]
[White "Chekhov, Sergey"]
[Black "Agibalov, Ilia"]
[Result "1-0"]
[WhiteElo "2361"]
[BlackElo "1741"]
[PlyCount "71"]
[EventDate "2010.05.25"]
[EventType "tourn"]
[EventRounds "11"]
[EventCountry "RUS"]
[SourceTitle "EXT 2022"]
[Source "ChessBase"]
[SourceDate "2021.10.06"]
[SourceVersion "1"]
[SourceVersionDate "2021.10.06"]
[SourceQuality "1"]

1. d4 Nf6 2. Nc3 g6 3. e4 d6 4. g3 Bg7 5. Bg2 0-0 6. Nge2 e5 7. 0-0 Nbd7 8. h3 Re8 9. d5 a5 10. Be3 b6 11. Qd2 Nc5 12. a4 Ba6 13. b3 Qd7 14. Rae1 Rad8 15. Bg5 Qe7 16. f3 Qf8 17. f4 h6 18. fxe5 Nfxe4 19. Nxe4 Nxe4 20. Bxe4 hxg5 21. e6 f5 22. Qxg5 Qf6 23. Qxf6 Bxf6 24. c4 Kg7 25. Bg2 Bb7 26. Rf2 Rc8 27. Ref1 Rf8 28. g4 fxg4 29. hxg4 g5 30. Rf5 c6 31. Ng3 Bd4+ 32. Kh1 Rh8+ 33. Nh5+ Kg6 34. Rf6+ Bxf6 35. Be4+ Kh6 36. Rxf6# 1-0

[Event "Voronezh-ch sf op"]
[Site "Voronezh"]
[Date "2010.02.11"]
[Round "2.19"]
[White "Kozhevnikov, Ivan"]
[Black "Agibalov, Ilia"]
[Result "1-0"]
[WhiteElo "1834"]
[BlackElo "1689"]
[PlyCount "49"]
[EventDate "2010.02.10"]
[EventType "swiss"]
[EventRounds "9"]
[EventCountry "RUS"]
[SourceTitle "EXT 2022"]
[Source "ChessBase"]
[SourceDate "2021.10.06"]
[SourceVersion "1"]
[SourceVersionDate "2021.10.06"]
[SourceQuality "1"]

1. e4 e5 2. Nf3 Nc6 3. Bb5 a6 4. Ba4 Nf6 5. 0-0 Be7 6. Re1 b5 7. Bb3 0-0 8. c3 d5 9. exd5 Nxd5 10. Nxe5 Nxe5 11. Rxe5 c6 12. Bxd5 cxd5 13. Qf3 Be6 14. d4 Bf6 15. Re1 Qd7 16. Bf4 h6 17. Nd2 Bg4 18. Qg3 g5 19. Be5 Be7 20. h3 Bh5 21. Qd3 Bg6 22. Qf3 f6 23. Bh2 Bd6 24. Qxd5+ Bf7 25. Qxd6 1-0